| 000 | 00416nam a2200157 i 4500 | ||
|---|---|---|---|
| 001 | 80344 | ||
| 003 | ES-MaACL | ||
| 005 | 20230906174207.0 | ||
| 007 | t| | ||
| 008 | 041027s1914 xxk ||||1| eng d | ||
| 100 | 1 |
_aHobson, John Atkinson. _963864 |
|
| 245 | 1 | 4 |
_aThe science of wealth / _cJ.A. Hobson. |
| 260 |
_aLondon : _bWilliams and Norgate, _c1914. |
||
| 300 |
_a256 p. ; _c17 cm. |
||
| 852 |
_aES-MaACL _jC-3085 |
||
| 999 |
_c80344 _d80344 |
||